| 000 | 02015cam a22004334i 4500 | ||
|---|---|---|---|
| 003 | PE-LiUPU | ||
| 005 | 20250731173041.0 | ||
| 008 | 171220s2017 xxu r0 000 0 spa d | ||
| 020 | _a9781940980201 | ||
| 035 | _a(Sirsi) a240616 | ||
| 040 |
_aPE-LiUPU _bspa _cPE-LiUPU _erda |
||
| 049 | _aPRUA | ||
| 082 | 0 | 4 |
_a228.077 _bS79 _223 |
| 100 | 1 |
_aStefanović, Ranko, _eautor. |
|
| 245 | 1 | 0 |
_aApocalipsis sencillo / _cRanko Stefanovic. |
| 264 | 1 |
_aBerrien Springs : _bAndrews University Press; _c2017. |
|
| 300 |
_a281 páginas ; _c23 centímetros |
||
| 336 |
_atext _2rdacontent |
||
| 337 |
_aunmediated _2rdamedia |
||
| 338 |
_avolume _2rdacarrier |
||
| 505 | 0 | _aDe qué trata el apocalipsis -- La visión del Cristo resucitado -- Mensaje a la iglesia (parte 1) -- Mensajes a la iglesia (parte 2) -- La escena de la sala del trono -- La entronización de Cristo -- Los siete sellos -- El sellamiento de los santos -- La sietes trompetas (parte 1) -- Las sietes trompetas (parte 2) -- El ángel poderoso con el rollo -- Los dos testigos -- Satanás: un enemigo derrotado -- La bestia del mar -- La bestia de la tierra -- El mensaje final de Dios al mundo -- La sietes últimas plagas -- La batalla de Armagedón -- La mujer y la bestia -- Juicio sobre babilonia -- Las dos cenas -- El milenio y el juicio final -- La tierra restaurada -- La conclusión del libro. | |
| 526 | _aSEG42 | ||
| 526 | _aSEG41 | ||
| 526 | _aSEG40 | ||
| 526 | _aSEG39 | ||
| 526 | _aP94 | ||
| 526 | _aP87 | ||
| 526 | _aP86 | ||
| 526 | _aP85 | ||
| 526 | _aP77 | ||
| 526 | _aP76 | ||
| 526 | _aP35 | ||
| 630 | 0 | 4 |
_aBiblia. _pN.T, _pApocalipsis _xComentarios. |
| 910 |
_adbm _bksl _cksl _d20171220 |
||
| 596 | _a1 | ||
| 942 |
_2ddc _cBOOK |
||
| 999 |
_a228.077 S79 _wLC _c26294 _i77711 _d26294 _e2019-11-4 _f2021-11-9 _g4 _lCCODEBUL1 _mBUL _n24 _p14.72 _q41 _r0 _sY _tBOOK _u2017-12-20 _xTEOLOGIA _PP85 _0COMPRA _o.STAFF. Colección Teología |
||
| 980 |
_81 _gALBERTO SANCHEZ Responsable de Automatización |
||